书目信息 |
| 题名: |
测控电路及应用
|
|
| 作者: | 史红梅 主编 | |
| 分册: | ||
| 出版信息: | 武汉 华中科技大学出版社 2019 |
|
| 页数: | 229页 | |
| 开本: | 26cm | |
| 丛书名: | 普通高等学校测控技术与仪器专业规划教材 | |
| 单 册: | ||
| 中图分类: | TM930.111 | |
| 科图分类: | ||
| 主题词: | 电气测量--dian qi ce liang--控制电路--高等学校--教材 | |
| 电子资源: | ||
| ISBN: | 978-7-5609-6644-1 | |
| 000 | 01116nam 2200277 45 | |
| 001 | 012001003080 | |
| 005 | 20120101055054.0 | |
| 010 | @a978-7-5609-6644-1@dCNY42.00 | |
| 099 | @aCAL 012011018592 | |
| 100 | @a20110120d2011 em y0chiy50 ea | |
| 101 | 0 | @achi |
| 102 | @aCN@b420000 | |
| 105 | @aak a 000yy | |
| 106 | @ar | |
| 200 | 1 | @a测控电路及应用@Ace kong dian lu ji ying yong@f主编史红梅 |
| 210 | @a武汉@c华中科技大学出版社@d2019 | |
| 215 | @a229页@c图@d26cm | |
| 225 | 2 | @a普通高等学校测控技术与仪器专业规划教材@Apu tong gao deng xue xiao ce kong ji shu yu yi qi zhuan ye gui hua jiao cai |
| 320 | @a有书目 (第228-229页) | |
| 330 | @a本书以测控系统的前后向通道为主线, 系统地讲述了信号的测量、控制与传输电路。在讲解基本电路的功能和原理的基础上, 结合目前集成技术的发展, 介绍了大量常用的典型集成芯片的使用, 便于学生实际运用。 | |
| 410 | 0 | @12001@a普通高等学校测控技术与仪器专业规划教材 |
| 606 | 0 | @a电气测量@Adian qi ce liang@x控制电路@x高等学校@j教材 |
| 690 | @aTM930.111@v4 | |
| 701 | 0 | @a史红梅@Ashi hong mei@4主编 |
| 801 | 2 | @aCN@b北京卓展@c20191020 |
| 905 | @b1210313-6@dTM930.111@e98@f4 | |
| 测控电路及应用/主编史红梅.-武汉:华中科技大学出版社,2019 |
| 229页:图;26cm.-(普通高等学校测控技术与仪器专业规划教材) |
| ISBN 978-7-5609-6644-1:CNY42.00 |
| 本书以测控系统的前后向通道为主线, 系统地讲述了信号的测量、控制与传输电路。在讲解基本电路的功能和原理的基础上, 结合目前集成技术的发展, 介绍了大量常用的典型集成芯片的使用, 便于学生实际运用。 |
| ● |
| 相关链接 |
|
|
|
|
正题名:测控电路及应用
索取号:TM930.111/98
 
预约/预借
| 序号 | 登录号 | 条形码 | 馆藏地/架位号 | 状态 | 备注 |
| 1 | 1210313 | 212103132 | 第二样本阅览室/ [索取号:TM930.111/98] | 在馆 | |
| 2 | 1210314 | 212103141 | 第三借阅区/ [索取号:TM930.111/98] | 在馆 | |
| 3 | 1210315 | 212103150 | 第三借阅区/ [索取号:TM930.111/98] | 在馆 | |
| 4 | 1210316 | 212103169 | 第三借阅区/ [索取号:TM930.111/98] | 在馆 |